Introducing sociolinguistics / (Record no. 21974)
[ view plain ]
| 000 -LEADER | |
|---|---|
| fixed length control field | 01164cam a22002535a 4500 |
| 001 - CONTROL NUMBER | |
| control field | 16447741 |
| 005 - DATE AND TIME OF LATEST TRANSACTION | |
| control field | 20160718123051.0 |
| 008 - FIXED-LENGTH DATA ELEMENTS--GENERAL INFORMATION | |
| fixed length control field | 100907s2011 enkab frbd 001 0 eng d |
| 020 ## - INTERNATIONAL STANDARD BOOK NUMBER | |
| International Standard Book Number | 9780415550062 (pb) |
| 040 ## - CATALOGING SOURCE | |
| Original cataloging agency | DLC |
| Transcribing agency | DLC |
| Modifying agency | YDX |
| -- | UKM |
| -- | YDXCP |
| -- | UV0 |
| -- | CDX |
| -- | BWX |
| -- | DLC |
| -- | EG-ScBUE |
| Language of cataloging | eng |
| 082 04 - DEWEY DECIMAL CLASSIFICATION NUMBER | |
| Edition number | 22 |
| Classification number | 306.44 |
| Item number | MEY |
| 100 1# - MAIN ENTRY--PERSONAL NAME | |
| Personal name | Meyerhoff, Miriam. |
| 9 (RLIN) | 40351 |
| 245 10 - TITLE STATEMENT | |
| Title | Introducing sociolinguistics / |
| Statement of responsibility, etc | Miriam Meyerhoff. |
| 250 ## - EDITION STATEMENT | |
| Edition statement | 2nd ed. |
| 260 ## - PUBLICATION, DISTRIBUTION, ETC. (IMPRINT) | |
| Place of publication, distribution, etc | Oxon ; |
| -- | New York : |
| Name of publisher, distributor, etc | Routledge / Taylor & Francis Group, |
| Date of publication, distribution, etc | 2011. |
| 300 ## - PHYSICAL DESCRIPTION | |
| Extent | xxv, 341 p. : |
| Other physical details | ill. ; |
| Dimensions | 25 cm. |
| 500 ## - GENERAL NOTE | |
| General note | Glossary : p. [305]-316. |
| 500 ## - GENERAL NOTE | |
| General note | Index : p. [333]-341. |
| 504 ## - BIBLIOGRAPHY, ETC. NOTE | |
| Bibliography, etc | Bibliography : p. [317]-332. |
| 505 0# - FORMATTED CONTENTS NOTE | |
| Formatted contents note | Introduction to using this book -- Introducing and understanding sociolinguistics -- Variation and style -- Language attitudes -- Being polite as a variable in speech -- Multilingualism and language choice -- Real time and apparent time -- Social class -- Social networks and communities of practice -- Gender -- language contact -- Looking back and looking ahead. |
| 650 #7 - SUBJECT ADDED ENTRY--TOPICAL TERM | |
| Topical term or geographic name as entry element | Sociolinguistics. |
| Source of heading or term | BUEsh |
| 9 (RLIN) | 39810 |
| 653 ## - INDEX TERM--UNCONTROLLED | |
| Resource For college | |
| Arrived date list | July2016 |
| 942 ## - ADDED ENTRY ELEMENTS (KOHA) | |
| Source of classification or shelving scheme | Dewey Decimal Classification |
| Withdrawn status | Item status | Source of classification or shelving scheme | Damaged status | Not for loan | Vendor | Home library | Current library | Shelving location | Date acquired | Source of acquisition | Cost, normal purchase price | Serial Enumeration / chronology | Total Checkouts | Total Renewals | Full call number | Barcode | Date last seen | Date last borrowed | Cost, replacement price | Koha item type |
|---|---|---|---|---|---|---|---|---|---|---|---|---|---|---|---|---|---|---|---|---|
| Dewey Decimal Classification | Baccah | Central Library | Central Library | First floor | 18/07/2016 | Purchase | 305.00 | 25868 | 1 | 1 | 306.44 MEY | 000032874 | 15/07/2025 | 22/05/2018 | 381.00 | Book - Borrowing |